<?xml version="1.0" encoding="UTF-8"?>
<record
    xmlns:xsi="http://www.w3.org/2001/XMLSchema-instance"
    xsi:schemaLocation="http://www.loc.gov/MARC21/slim http://www.loc.gov/standards/marcxml/schema/MARC21slim.xsd"
    xmlns="http://www.loc.gov/MARC21/slim">

  <leader>00410nam a22001337a 4500</leader>
  <datafield tag="040" ind1=" " ind2=" ">
    <subfield code="c">RUA</subfield>
  </datafield>
  <datafield tag="082" ind1=" " ind2=" ">
    <subfield code="a">MGR CHA 2009 B418 Or.1</subfield>
  </datafield>
  <datafield tag="100" ind1=" " ind2=" ">
    <subfield code="a">CHAY CHIM;</subfield>
  </datafield>
  <datafield tag="245" ind1=" " ind2=" ">
    <subfield code="a">A study on consumer preferences and storage methods of pork,</subfield>
  </datafield>
  <datafield tag="260" ind1=" " ind2=" ">
    <subfield code="a">Phnom Penh</subfield>
    <subfield code="b">RUA</subfield>
    <subfield code="c">2009</subfield>
  </datafield>
  <datafield tag="300" ind1=" " ind2=" ">
    <subfield code="a">x; 61p.</subfield>
    <subfield code="b">ill.</subfield>
    <subfield code="c">29cm.</subfield>
  </datafield>
  <datafield tag="856" ind1=" " ind2=" ">
    <subfield code="u">https://drive.google.com/file/d/12Th773W1XR-JnbojmSsZOuZw8untDm_N/view?usp=sharing</subfield>
  </datafield>
  <datafield tag="942" ind1=" " ind2=" ">
    <subfield code="c">NRM</subfield>
  </datafield>
  <datafield tag="999" ind1=" " ind2=" ">
    <subfield code="c">6898</subfield>
    <subfield code="d">6898</subfield>
  </datafield>
  <datafield tag="952" ind1=" " ind2=" ">
    <subfield code="0">0</subfield>
    <subfield code="1">0</subfield>
    <subfield code="2">ddc</subfield>
    <subfield code="4">0</subfield>
    <subfield code="6">MGR_CHA_2009_000000000000000_B418_OR_1</subfield>
    <subfield code="7">0</subfield>
    <subfield code="9">40018</subfield>
    <subfield code="a">LBB</subfield>
    <subfield code="b">LBB</subfield>
    <subfield code="c">B418</subfield>
    <subfield code="d">2016-02-18</subfield>
    <subfield code="o">MGR CHA 2009 B418 Or.1</subfield>
    <subfield code="p">RUA052272</subfield>
    <subfield code="r">2016-02-18</subfield>
    <subfield code="w">2016-02-18</subfield>
    <subfield code="y">NRM</subfield>
  </datafield>
  <datafield tag="952" ind1=" " ind2=" ">
    <subfield code="0">0</subfield>
    <subfield code="1">0</subfield>
    <subfield code="2">ddc</subfield>
    <subfield code="4">0</subfield>
    <subfield code="6">MGR_CHA_2009_000000000000000_B418_OR_2</subfield>
    <subfield code="7">0</subfield>
    <subfield code="9">40019</subfield>
    <subfield code="a">LBB</subfield>
    <subfield code="b">LBB</subfield>
    <subfield code="c">B418</subfield>
    <subfield code="d">2016-02-18</subfield>
    <subfield code="o">MGR CHA 2009 B418 Or.2</subfield>
    <subfield code="p">RUA051708</subfield>
    <subfield code="r">2016-02-18</subfield>
    <subfield code="w">2016-02-18</subfield>
    <subfield code="y">NRM</subfield>
  </datafield>
  <datafield tag="952" ind1=" " ind2=" ">
    <subfield code="0">0</subfield>
    <subfield code="1">0</subfield>
    <subfield code="2">ddc</subfield>
    <subfield code="4">0</subfield>
    <subfield code="6">MGR_CHA_2009_000000000000000_B418_OR_3</subfield>
    <subfield code="7">0</subfield>
    <subfield code="9">40020</subfield>
    <subfield code="a">LBB</subfield>
    <subfield code="b">LBB</subfield>
    <subfield code="c">B418</subfield>
    <subfield code="d">2016-02-18</subfield>
    <subfield code="o">MGR CHA 2009 B418 Or.3</subfield>
    <subfield code="p">RUA051803</subfield>
    <subfield code="r">2016-02-18</subfield>
    <subfield code="w">2016-02-18</subfield>
    <subfield code="y">NRM</subfield>
  </datafield>
  <datafield tag="952" ind1=" " ind2=" ">
    <subfield code="0">0</subfield>
    <subfield code="1">0</subfield>
    <subfield code="2">ddc</subfield>
    <subfield code="4">0</subfield>
    <subfield code="6">MGR_CHA_2009_000000000000000_B418_OR_4</subfield>
    <subfield code="7">0</subfield>
    <subfield code="9">40021</subfield>
    <subfield code="a">LBB</subfield>
    <subfield code="b">LBB</subfield>
    <subfield code="c">B418</subfield>
    <subfield code="d">2016-02-18</subfield>
    <subfield code="o">MGR CHA 2009 B418 Or.4</subfield>
    <subfield code="p">RUA050581</subfield>
    <subfield code="r">2016-02-18</subfield>
    <subfield code="w">2016-02-18</subfield>
    <subfield code="y">NRM</subfield>
  </datafield>
  <datafield tag="952" ind1=" " ind2=" ">
    <subfield code="0">0</subfield>
    <subfield code="1">0</subfield>
    <subfield code="2">ddc</subfield>
    <subfield code="4">0</subfield>
    <subfield code="6">MGR_CHA_2009_000000000000000_B418_OR_5</subfield>
    <subfield code="7">0</subfield>
    <subfield code="9">40022</subfield>
    <subfield code="a">LBB</subfield>
    <subfield code="b">LBB</subfield>
    <subfield code="c">B418</subfield>
    <subfield code="d">2016-02-18</subfield>
    <subfield code="o">MGR CHA 2009 B418 Or.5</subfield>
    <subfield code="p">RUA049635</subfield>
    <subfield code="r">2016-02-18</subfield>
    <subfield code="w">2016-02-18</subfield>
    <subfield code="y">NRM</subfield>
  </datafield>
  <datafield tag="952" ind1=" " ind2=" ">
    <subfield code="0">0</subfield>
    <subfield code="1">0</subfield>
    <subfield code="2">ddc</subfield>
    <subfield code="4">0</subfield>
    <subfield code="6">MGR_CHA_2009_000000000000000_B418_OR_6</subfield>
    <subfield code="7">0</subfield>
    <subfield code="9">40023</subfield>
    <subfield code="a">LBB</subfield>
    <subfield code="b">LBB</subfield>
    <subfield code="c">B418</subfield>
    <subfield code="d">2016-02-18</subfield>
    <subfield code="o">MGR CHA 2009 B418 Or.6</subfield>
    <subfield code="p">RUA049447</subfield>
    <subfield code="r">2016-02-18</subfield>
    <subfield code="w">2016-02-18</subfield>
    <subfield code="y">NRM</subfield>
  </datafield>
  <datafield tag="952" ind1=" " ind2=" ">
    <subfield code="0">0</subfield>
    <subfield code="1">0</subfield>
    <subfield code="2">ddc</subfield>
    <subfield code="4">0</subfield>
    <subfield code="6">MGR_CHA_2009_000000000000000_B418_OR_7</subfield>
    <subfield code="7">0</subfield>
    <subfield code="9">40024</subfield>
    <subfield code="a">LBB</subfield>
    <subfield code="b">LBB</subfield>
    <subfield code="c">B418</subfield>
    <subfield code="d">2016-02-18</subfield>
    <subfield code="o">MGR CHA 2009 B418 Or.7</subfield>
    <subfield code="p">RUA049817</subfield>
    <subfield code="r">2016-02-18</subfield>
    <subfield code="w">2016-02-18</subfield>
    <subfield code="y">NRM</subfield>
  </datafield>
  <datafield tag="952" ind1=" " ind2=" ">
    <subfield code="0">0</subfield>
    <subfield code="1">0</subfield>
    <subfield code="2">ddc</subfield>
    <subfield code="4">0</subfield>
    <subfield code="6">MGR_CHA_2009_000000000000000_B418_OR_8</subfield>
    <subfield code="7">0</subfield>
    <subfield code="9">40025</subfield>
    <subfield code="a">LBB</subfield>
    <subfield code="b">LBB</subfield>
    <subfield code="c">B418</subfield>
    <subfield code="d">2016-02-18</subfield>
    <subfield code="o">MGR CHA 2009 B418 Or.8</subfield>
    <subfield code="p">RUA049562</subfield>
    <subfield code="r">2016-02-18</subfield>
    <subfield code="w">2016-02-18</subfield>
    <subfield code="y">NRM</subfield>
  </datafield>
  <datafield tag="952" ind1=" " ind2=" ">
    <subfield code="0">0</subfield>
    <subfield code="1">0</subfield>
    <subfield code="2">ddc</subfield>
    <subfield code="4">0</subfield>
    <subfield code="6">MGR_CHA_2009_000000000000000_B418_OR_9</subfield>
    <subfield code="7">0</subfield>
    <subfield code="9">40026</subfield>
    <subfield code="a">LBB</subfield>
    <subfield code="b">LBB</subfield>
    <subfield code="c">B418</subfield>
    <subfield code="d">2016-02-18</subfield>
    <subfield code="o">MGR CHA 2009 B418 Or.9</subfield>
    <subfield code="p">RUA051253</subfield>
    <subfield code="r">2016-02-18</subfield>
    <subfield code="w">2016-02-18</subfield>
    <subfield code="y">NRM</subfield>
  </datafield>
</record>
